Представление документа в формате RUSMARC

ПолеНазваниеЗначение
  Тип записи a
  Библиографический уровень m
001 Контрольный номер RU/CBS_UL/BASE/668767860
005 Дата корректировки 20240209174958.8
010 Индекс ISBN __
a ISBN
b Уточнения в пер.
d Цена 470 р. 80 к.
9 Тираж экз.
100 Данные общей обработки __
a Данные общей обработки 20210311d2021 ||| 0rusy0189 ca
101 Язык документа 0_
a Язык текста rus
102 Страна публикации __
a Страна публикации RU
105 Кодированные данные (монография) __
a Кодированные данные (монография) y###||||000|y
181 Поле кодированных данных: вид содержания _1
a Код вида содержания (ISBD) i#
b Код характеристики содержания (ISBD) #xxe##
d i
g x
h x
i e
2 Код системы (источник кода, отличный от ISBD) isbdcontent
182 Поле кодированных данных: тип средства _1
a Код типа средства (ISBD) n
2 Код системы (источник кода, отличный от ISBD) isbdmedia
200 Заглавие и сведения об ответственности 1_
a Заглавие Ремонт и отделка дома
b Общее обозначение материала Текст
e Сведения, относящиеся к заглавию материалы, инструменты, этапы работы
e Сведения, относящиеся к заглавию как превратить свой дом в дом своей мечты
e Сведения, относящиеся к заглавию пер. с англ.
f Первые сведения об ответственности Д. Холлоуэй, М. Лоуренс, Д. Макноуэн
w Текст (визуальный) : непосредственный
203 Вид содержания и тип средства __
a Вид содержания Текст
b Характеристика содержания визуальный
c Тип средства непосредственный
210 Выходные данные 1_
a Место издания Москва
c Издательство Ниола 21-й век
d Дата издания 2003
215 Физическое описание __
a Объем 256 с.
c Иллюстрации/тип воспроизводства ил.
d Формат см.
300 Общие примечания __
a Общие примечания Под инв. номером 97019: 9-1
333 Примечание о целевом назначении __
a Примечание о целевом назначении 16+
606 Тематические рубрики 0_
a Основная рубрика Отделочные работы
610 Ключевые слова 0_
a Ключевые слова ремонты
a Ключевые слова отделка дома
a Ключевые слова работы отделочные
686 Индексы других классификаций __
a Классификационный индекс 38.639
2 Код системы rubbk
700 Автор _1
a Фамилия Холлоуэй
b Имя (инициалы) Дэвид
g Полное личное имя Д.
701 Альтернативная интеллектуальная ответственность _1
a Фамилия Лоуренс
b Имя (инициалы) М.
701 Альтернативная интеллектуальная ответственность _1
a Фамилия Макноуэн
b Имя (инициалы) Д.
801 Источник записи _0
a Страна RU
b Организация МБУК ЦБС
c Дата составления 20210311
g Правила каталогизации RCR
801 Источник записи _1
a Страна RU
b Организация МБУК ЦБС г. Ульяновска
c Дата составления 20210311
g Правила каталогизации RCR
899 Данные о местонахождении __
i Авторский знак Х 72
j Расстановочный фильтр 38.639
901 Тип документа __
t Тип документа m
910 Корректоры записи __
a Корректор записи Скрипина